02330nam a22002537a 450000500170000000800410001702000180005804000630007604100130013905000210015210000310017324500790020425000190028326000480030230000460035050400510039650514420044754100100188954600210189965000460192065000450196665000330201170000320204420230321024728.0230321b ||||| |||| 00| 0 eng d a9781260571387 aCvSU-CCAT Campus Library.cCvSU-CCAT Campus Library.erda. aEnglish. aTA 345bC43 2021 aChapra, Steven C., author. aNumerical methods for engineers /bSteven C. Chapra and Raymond P. Canale. aEight edition. aNew York, New York :bMc-Graw Hill,cc2021. axvi, 988 pages :billustrations ;c 23 cm aIncludes bibliographical references and index. aChapter 1 : Mathematical modeling and engineering problem solving Chapter 2 : Programming and software Chapter 3 : Approximations and round-off errors Chapter 4 : Truncation errors and the Taylor series Chapter 5 : Bracketing methods Chapter 6 : Open methods Chapter 7 : Roots of polynomials Chapter 8 : Case studies: roots and equations Chapter 9 : Gauss elimination Chapter 10 : LU decomposition and matrix inversion Chapter 11 : Special matrices and Gauss-Seidel Chapter 12 : Case studies : linear algebraic equations Chapter 13 : One-dimensional unconstrained optimization Chapter 14 : Multidimensional unconstrained optimization Chapter 15 : Constrained optimization Chapter 16 : Case studies : optimization Chapter 17 : Least-squares regression Chapter 18 : Interpolation Chapter 19 : Fourier approximation Chapter 20 : Case studies : Curve fitting Chapter 21 : Newton-cotes integration formulas Chapter 22 : Integration of equations Chapter 23 : Numerical differentiation Chapter 24 : Case studies : numerical integration and differentiation Chapter 25 : Runge-Kutta methods Chapter 26 : Stiffness and multistep methods Chapter 27 : Boundary-value and eigenvalue problems Chapter 28 : Case studies : ordinary differential equations Chapter 29 : Finite difference : Elliptic equations Chapter 30 : Finite difference : parabolic equations Chapter 31 : Finite-element method Chapter 32 : Case studies : partial differential equations e13135 aIn English text. aEngineering mathematicsvData processing. aNumerical calculationsvData processing. aMicrocomputersvProgramming. aCanale, Raymond P., author.